00707nam a2200241 a 4500001001300000003000900013005001700022008004100039020001000080082001600090100003200106245002600138260002900164300000900193500003500202505003200237650001800269700003200287902000800319942000700327952011600334999001500450nice12345678IN_TiNIC20260116011716.0050524s1880 leia grp 000 0 urd  ac10000a297.55bHUR aHurgronje, Christian Snouck aHet Mekkaansche Feest aLeidenbE.J. Brillc1880 a199p aincludes index and biblioraphy2 afour volumes bound together aGhalib-Poetry1 aHurgronje, Christian Snouck bSRS cBK 001040708StackRoom-aHMIbHMId2007-07-05g100.00l0o297.55 HURp07932r2007-07-05v100.00w2005-05-24yBK c3483d3483